Paro festival : (Record no. 4330)

MARC details
000 -LEADER
fixed length control field 00473nam a2200133 4500
001 - CONTROL NUMBER
control field 5168
005 - DATE AND TIME OF LATEST TRANSACTION
control field 20181127174932.0
090 00 - LOCALLY ASSIGNED LC-TYPE CALL NUMBER (OCLC); LOCAL CALL NUMBER (RLIN)
Classification number (OCLC) (R) ; Classification number, CALL (RLIN) (NR) 248.26 W2469d [2015]
245 00 - TITLE STATEMENT
Title Paro festival :
Remainder of title snapshots of Bhutan 's finest cultural extravaganza /
Statement of responsibility, etc. Bhutan Communications Services.
Medium
260 00 - PUBLICATION, DISTRIBUTION, ETC.
Place of publication, distribution, etc. Thimphu :
Name of publisher, distributor, etc. Bhutan Communications Services,
Date of publication, distribution, etc. 2015.
300 00 - PHYSICAL DESCRIPTION
Extent various pages.
650 00 - SUBJECT ADDED ENTRY--TOPICAL TERM
Topical term or geographic name entry element Buddhist monasteries --Bhutan --Guidebooks.
General subdivision
Topical term or geographic name entry element Religious life --Buddhism --Bhutan.
General subdivision
Holdings
Withdrawn status Lost status Source of classification or shelving scheme Damaged status Not for loan Collection code Home library Current library Shelving location Serial Enumeration / chronology Total Checkouts Full call number Barcode Date last seen Price effective from Koha item type
    Dewey Decimal Classification     Special collections RTC Library RTC Library Special collections   284.26 FES 30007848 27/11/2018 27/11/2018 Special Collections
Royal Thimphu College || All Right Reserved